Normal view
MARC view
- América
Entry Nombre Geográfico
001 - NÚMERO DE CONTROL
- campo de control: 2693
003 - IDENTIFICADOR DE NUMERO DE CONTROL
- campo de control: UPN
005 - FECHA Y HORA DE LA ÜLTIMA TRANSACCIÓN
- campo de control: 20220907103320.0
008 - DATOS DE LONGITUD FIJA
- campo de control de longitud fija: 220907nn fnznnbaba a aaa |d
035 ## - NÚMERO DE CONTROL
- Número de control: UPN10000002693
040 ## - FUENTE DE CATALOGACIÓN
- Lenguaje de catalogación: spa
- Agencia de catalogación original: MX-MxUPN
151 ## - ENCABEZAMIENTO - NOMBRE GEOGRÁFICO
- Nombre geográfico: América
- Subdivisión general : Integración económica
670 ## - FUENTE EN LA QUE SE LOCALIZARON DATOS
- Cita de la fuente: E
681 ## - EJEMPLO DE NOTA DE RASTREO
- Explanatory text: Nota bajo
- Subject heading or subdivision term: INTEGRACION ECONOMICA INTERNACIONAL
902 ## - CATALOGADOR
- Catalogador: MMA/300600
